| 000 | 00406nam a22001457a 4500 | ||
|---|---|---|---|
| 082 | _aP-76 | ||
| 100 |
_aJawad Anjum Ansari., _947941 |
||
| 245 |
_aConcrete mix design by aci method. _cAyaz Akhtar, Salman Ahmed, Waqar Yasin, Kashif Siddiqui. |
||
| 260 |
_aRisalpur: _bMCE. _c18-03-1996. |
||
| 300 | _a44 p.: | ||
| 526 |
_a0 _b0 _c0 _dP_75 |
||
| 650 | _aProject | ||
| 700 |
_aIqbal _917522 |
||
| 942 |
_2ddc _cBK |
||
| 999 |
_c551017 _d551017 |
||